000 00569 a2200169 4500
020 _a0819441120
040 _aDLC
_bDLC
082 0 0 _a621.384/135
100 1 _aChristodoulou, Christos G.
245 1 0 _aFundamentals of antennas : concepts and applications
_cChristos G. Christodoulou, Parveen F. Wahid.
260 _aBellingham, Wash. :
_bSPIE Press,
_c2001.
300 _ax, 93 p. :
_bill. ;
_c25 cm.
440 0 _aTutorial texts in optical engineering ;
_vv. TT50
650 0 _aAntennas (Electronics)
700 1 _aWahid, Parveen F.
942 _cBK
_k621.384135 CHR
_2ddc
999 _c8501
_d8501